Factbook of history / (Record no. 137161)

MARC details
000 -LEADER
fixed length control field 00573nam a2200229 4500
003 - CONTROL NUMBER IDENTIFIER
control field 0
005 - DATE AND TIME OF LATEST TRANSACTION
control field 20180629160930.0
008 - FIXED-LENGTH DATA ELEMENTS--GENERAL INFORMATION
fixed length control field 0
010 ## - LIBRARY OF CONGRESS CONTROL NUMBER
LC control number A-682070
020 ## - INTERNATIONAL STANDARD BOOK NUMBER
International Standard Book Number 187174508
035 ## - SYSTEM CONTROL NUMBER
System control number A-682070,A-682071
037 ## - SOURCE OF ACQUISITION
Source of stock number/acquisition Cen Lib / Ret
040 ## - CATALOGING SOURCE
Original cataloging agency DPL
Language of cataloging En
Transcribing agency 0
082 ## - DEWEY DECIMAL CLASSIFICATION NUMBER
Classification number 909
Item number FAC
245 ## - TITLE STATEMENT
Title Factbook of history /
260 ## - PUBLICATION, DISTRIBUTION, ETC. (IMPRINT)
Place of publication, distribution, etc Landon
Name of publisher, distributor, etc Rainbow
Date of publication, distribution, etc 1993
270 ## - ADDRESS
Address 24-30, Great Titchfield Street London
300 ## - PHYSICAL DESCRIPTION
Extent 238p ;
Dimensions 24cm(Hb)
650 ## - SUBJECT ADDED ENTRY--TOPICAL TERM
Topical term or geographic name as entry element .Chronology, Historical.
650 ## - SUBJECT ADDED ENTRY--TOPICAL TERM
Topical term or geographic name as entry element World history
942 ## - ADDED ENTRY ELEMENTS (KOHA)
Source of classification or shelving scheme Dewey Decimal Classification
Koha item type English Books
Classification part 909
Call number suffix FAC
Holdings
Withdrawn status Lost status Damaged status Not for loan Home library Current library Date acquired Source of acquisition Total Checkouts Full call number Barcode Date last seen Copy number Price effective from Koha item type Source of classification or shelving scheme Cost, normal purchase price Cost, replacement price
        Central Library Central Library 21/03/2016 Cen Lib/Ret   909 FAC A-682070 21/03/2016 1 27/07/2016 English Books      
        Patel Nagar Patel Nagar 29/06/2018 BPPD/Pub   909 FAC A-682071 29/06/2018   29/06/2018 English Books Dewey Decimal Classification 0.00 0.00

© Delhi Public Library
Hit Counter
free hit counter